LEADER 01036nam a2200277 4500 001 000000367955 003 CaOOAMICUS 005 20260604124205.0 008 260529s2013 fr 000 u fre r 020 $a978-2-13-062020-4 040 $aSeMil$bita 100 1 $aNemo, Philippe,$d<1949- >.$0(OLS)http://semarc/name/90898 245 13$aLa belle mort de l'athéisme moderne /$cPhilippe Nemo. 250 $a2. éd. 264 1$aParis :$bPUF,$c2013. 300 $a149 p. ;$c19 cm 490 1 $aQuadrige 650 4$aAteismo.$0(OLS)http://semarc/subject/2022 830 0$aQuadrige.$0(OLS)http://semarc/title/8031 850 $aSeMil 852 $aSeMil$W1$xVenegono$y1$m3N I 826$j272900$B258609$CSeMilBibl$Z2$F258609 $81 961 $aBuzzi mons. Franco - Omaggio 996 $6020$a978-2-13-062020-4$9(OLS)http://semarc/number/306016 996 $6245$aLa belle mort de l'athéisme moderne$9(OLS)http://semarc/title/459978 996 $6264$aParis :$bPUF$9(OLS)http://semarc/publisher/30045